[Event "Titled Tuesday intern op 06th Jun Early"]
[Site "Chess.com INT"]
[Date "2023.06.06"]
[Round "6"]
[White "Beydullayeva, Govhar"]
[Black "Vera Gonzalez Quevedo, Reynaldo"]
[Result "1-0"]
[WhiteElo "2355"]
[BlackElo "2365"]
[PlyCount "111"]
[EventDate "2023.06.06"]
[EventType "swiss (blitz)"]
[EventRounds "11"]
[EventCountry "USA"]
[SourceTitle "EXT 2024"]
[Source "ChessBase"]
[SourceDate "2023.10.10"]
[SourceVersion "1"]
[SourceVersionDate "2023.10.10"]
[SourceQuality "1"]

1. Nf3 d5 2. g3 Bg4 3. Bg2 Nd7 4. 0-0 e6 5. d3 Ngf6 6. c4 Bd6 7. cxd5 exd5 8. h3 Bxf3 9. Bxf3 h5 10. Nc3 h4 11. g4 Ne5 12. Bg2 c6 13. f4 Nexg4 14. hxg4 Nxg4 15. e4 Qb6+ 16. d4 h3 17. Bf3 h2+ 18. Kh1 Nh6 19. Be3 0-0-0 20. e5 Be7 21. Qb3 Nf5 22. Bg4 g6 23. Qxb6 axb6 24. Rf2 Rh4 25. Bxf5+ gxf5 26. Rxh2 Rdh8 27. Rxh4 Rxh4+ 28. Kg2 Rg4+ 29. Kf3 Rh4 30. Rg1 Rh3+ 31. Rg3 Rh2 32. Rg2 Rh3+ 33. Ke2 Kd7 34. Na4 b5 35. Nc5+ Bxc5 36. dxc5 Ke6 37. b3 d4 38. Bxd4 Kd5 39. Bf2 Ke4 40. Rg7 Rc3 41. Kd2 Rd3+ 42. Kc2 Rf3 43. Be1 Kxf4 44. Rxf7 Kxe5 45. Rxb7 Kd5 46. Bb4 Rf2+ 47. Kd3 Rxa2 48. Rd7+ Ke5 49. Rd6 f4 50. Bc3+ Kf5 51. Rxc6 f3 52. Rf6+ Kg4 53. Ke3 Re2+ 54. Kd3 Re8 55. c6 Kg3 56. c7 1-0

[Event "Titled Tuesday intern op 06th Jun Early"]
[Site "Chess.com INT"]
[Date "2023.06.06"]
[Round "5"]
[White "Vera Gonzalez Quevedo, Reynaldo"]
[Black "Orujov, Farid"]
[Result "0-1"]
[WhiteElo "2365"]
[BlackElo "2242"]
[PlyCount "80"]
[EventDate "2023.06.06"]
[EventType "swiss (blitz)"]
[EventRounds "11"]
[EventCountry "USA"]
[SourceTitle "EXT 2024"]
[Source "ChessBase"]
[SourceDate "2023.10.10"]
[SourceVersion "1"]
[SourceVersionDate "2023.10.10"]
[SourceQuality "1"]

1. d4 Nf6 2. c4 e6 3. Nc3 Bb4 4. Qc2 b6 5. a3 Bxc3+ 6. Qxc3 c5 7. dxc5 bxc5 8. Bf4 0-0 9. Bd6 Re8 10. f3 Qb6 11. 0-0-0 Nc6 12. e3 Bb7 13. Nh3 Rac8 14. Be2 Nd4 15. exd4 Qxd6 16. dxc5 Qxc5 17. b4 Qe7 18. Kb2 d5 19. c5 e5 20. Bb5 d4 21. Qe1 Bc6 22. Bxc6 Rxc6 23. f4 a5 24. Qxe5 Qb7 25. Qxd4 axb4 26. axb4 Rce6 27. Ng5 Re2+ 28. Rd2 h6 29. Nf3 R2e4 30. Re1 Rxe1 31. Nxe1 Rxe1 32. Qc4 Qa7 33. Rd8+ Kh7 34. Qd3+ Ne4 35. Kb3 Qa1 36. Kc4 Qa4 37. Rd4 Rc1+ 38. Kd5 Qa8+ 39. Ke5 Qe8+ 40. Kd5 Qe6# 0-1

[Event "Ottawa Eastern Ontario"]
[Site "Ottawa"]
[Date "2022.06.09"]
[Round "2"]
[White "Vera Gonzalez Quevedo, Reynaldo"]
[Black "Ghasi, Ameet K"]
[Result "0-1"]
[WhiteElo "2443"]
[BlackElo "2478"]
[PlyCount "80"]
[EventDate "2022.06.08"]
[EventType "tourn"]
[EventRounds "9"]
[EventCountry "CAN"]
[EventCategory "6"]
[SourceTitle "CBM 208 Extra"]
[Source "ChessBase"]
[SourceDate "2022.07.31"]
[SourceVersion "1"]
[SourceVersionDate "2022.07.31"]
[SourceQuality "1"]

1. d4 Nf6 2. Nf3 g6 3. g3 Bg7 4. Bg2 0-0 5. 0-0 d6 6. Re1 Nbd7 7. e4 e5 8. Nc3 b6 9. a4 a5 10. b3 Bb7 11. Bb2 Re8 12. Qd2 exd4 13. Nxd4 Nc5 14. f3 h5 15. Rad1 Qd7 16. Qc1 c6 17. Qa1 Nh7 18. f4 h4 19. Nde2 hxg3 20. hxg3 Qe7 21. Nd5 cxd5 22. Bxg7 f6 23. Bh6 dxe4 24. Nc3 Qe6 25. Nb5 d5 26. Nc7 Qg4 27. Nxd5 Bxd5 28. Rxd5 Qxg3 29. f5 g5 30. Qd1 Qh4 31. Rxc5 bxc5 32. Rxe4 Qxh6 33. Qd7 Qf8 34. Re6 Rad8 35. Qc7 Rd1+ 36. Kf2 Rxe6 37. fxe6 Qd6 38. Qf7+ Kh8 39. e7 Qf4+ 40. Bf3 Rd2+ 0-1

[Event "Titled Tuesday intern op 11th Jan"]
[Site "Chess.com INT"]
[Date "2022.01.11"]
[Round "3"]
[White "Vera Gonzalez Quevedo, Reynaldo"]
[Black "Kovacsy, Barnabas"]
[Result "0-1"]
[WhiteElo "2443"]
[BlackElo "2232"]
[PlyCount "90"]
[EventDate "2022.01.11"]
[EventType "swiss (blitz)"]
[EventRounds "11"]
[EventCountry "USA"]
[SourceTitle "CBM 206 Extra"]
[Source "ChessBase"]
[SourceDate "2022.03.31"]
[SourceVersion "1"]
[SourceVersionDate "2022.03.31"]
[SourceQuality "1"]

1. d4 Nf6 2. Nf3 g6 3. c4 Bg7 4. Nc3 d5 5. cxd5 Nxd5 6. e4 Nxc3 7. bxc3 c5 8. Bb5+ Bd7 9. Rb1 0-0 10. 0-0 cxd4 11. cxd4 Bg4 12. Be2 Bxf3 13. Bxf3 Qxd4 14. Qxd4 Bxd4 15. Rxb7 Nc6 16. Ba3 Rfe8 17. Rc1 Rac8 18. Rd7 Bb6 19. Be2 Nd4 20. Ba6 Rxc1+ 21. Bxc1 Rd8 22. Rxd8+ Bxd8 23. Kf1 e6 24. Ba3 Bb6 25. Bd6 f6 26. f4 Kf7 27. Ke1 h5 28. Kd2 Ke8 29. Kd3 Kd7 30. Bb4 e5 31. fxe5 fxe5 32. a4 Ke6 33. Bc4+ Kf6 34. a5 Bc7 35. a6 Bb6 36. Bd6 g5 37. h3 g4 38. h4 Ne6 39. Bxe6 Kxe6 40. Bb8 Bf2 41. Kc4 Bd4 42. Kb4 Kd7 43. Kb5 Kc8 44. Bd6 Kd7 45. Bc5 Bc3 0-1

[Event "Titled Tuesday intern op 28th Dec"]
[Site "Chess.com INT"]
[Date "2021.12.28"]
[Round "1"]
[White "Skatchkov, Valery"]
[Black "Vera Gonzalez Quevedo, Reynaldo"]
[Result "1-0"]
[WhiteElo "2263"]
[BlackElo "2443"]
[PlyCount "57"]
[EventDate "2021.12.28"]
[EventType "swiss (blitz)"]
[EventRounds "11"]
[EventCountry "USA"]
[SourceTitle "CBM 206 Extra"]
[Source "ChessBase"]
[SourceDate "2022.03.31"]
[SourceVersion "1"]
[SourceVersionDate "2022.03.31"]
[SourceQuality "1"]

1. d4 Nf6 2. c4 e6 3. Nf3 c5 4. d5 d6 5. Nc3 exd5 6. cxd5 g6 7. Bf4 Bg7 8. Qa4+ Bd7 9. Qb3 b5 10. Bxd6 b4 11. Na4 Ne4 12. Qe3 Bf5 13. Nxc5 Qxd6 14. Nxe4 Bxe4 15. Qxe4+ Kd8 16. Nd4 Re8 17. Qd3 Nd7 18. Nc6+ Kc7 19. Rc1 Kb6 20. e3 a6 21. Be2 Bxb2 22. Rb1 Qf6 23. 0-0 Nc5 24. Qc4 Re4 25. Nd4 Bxd4 26. exd4 Qxd4 27. Rxb4+ Ka7 28. Qxd4 Rxd4 29. Rxd4 1-0

[Event "Titled Tuesday intern op 14th Dec"]
[Site "Chess.com INT"]
[Date "2021.12.14"]
[Round "4"]
[White "Mirza, Diana"]
[Black "Vera Gonzalez Quevedo, Reynaldo"]
[Result "1-0"]
[WhiteElo "1898"]
[BlackElo "2443"]
[PlyCount "35"]
[EventDate "2021.12.14"]
[EventType "swiss (blitz)"]
[EventRounds "11"]
[EventCountry "USA"]
[SourceTitle "EXT 2023"]
[Source "ChessBase"]
[SourceDate "2022.10.05"]
[SourceVersion "1"]
[SourceVersionDate "2022.10.05"]
[SourceQuality "1"]

1. d4 Nf6 2. Nf3 c5 3. e3 g6 4. dxc5 Qa5+ 5. Nc3 Bg7 6. Bd2 Qxc5 7. Bd3 0-0 8. 0-0 d5 9. Ne2 Nc6 10. a3 e5 11. b4 Qb6 12. b5 e4 13. bxc6 exf3 14. gxf3 bxc6 15. Bc3 Bh3 16. Re1 Qc7 17. Ng3 h5 18. f4 1-0

[Event "Titled Tuesday intern op 16th Nov"]
[Site "Chess.com INT"]
[Date "2021.11.16"]
[Round "1"]
[White "Vera Gonzalez Quevedo, Reynaldo"]
[Black "Yaksin, Oleg"]
[Result "0-1"]
[WhiteElo "2443"]
[BlackElo "2388"]
[PlyCount "38"]
[EventDate "2021.11.16"]
[EventType "swiss (blitz)"]
[EventRounds "11"]
[EventCountry "USA"]
[SourceTitle "CBM 205 Extra"]
[Source "ChessBase"]
[SourceDate "2022.01.31"]
[SourceVersion "1"]
[SourceVersionDate "2022.01.31"]
[SourceQuality "1"]

1. d4 Nf6 2. c4 e6 3. Nc3 Bb4 4. Qc2 0-0 5. e4 d5 6. e5 Ne4 7. Bd3 c5 8. Nf3 Nc6 9. 0-0 f5 10. exf6 Nxf6 11. a3 cxd4 12. axb4 Nxb4 13. Qd2 Nxd3 14. Qxd3 dxc3 15. Qxc3 Ne4 16. Qe5 Qf6 17. Be3 a6 18. Rfd1 Qg6 19. cxd5 Rxf3 0-1

[Event "Titled Tuesday intern op 11th May"]
[Site "Chess.com INT"]
[Date "2021.05.11"]
[Round "1"]
[White "Dowgird, Filip"]
[Black "Vera Gonzalez Quevedo, Reynaldo"]
[Result "1-0"]
[WhiteElo "2348"]
[BlackElo "2443"]
[PlyCount "71"]
[EventDate "2021.05.11"]
[EventType "swiss (blitz)"]
[EventRounds "11"]
[EventCountry "USA"]
[SourceTitle "CBM 202 Extra"]
[Source "ChessBase"]
[SourceDate "2021.07.31"]
[SourceVersion "1"]
[SourceVersionDate "2021.07.31"]
[SourceQuality "1"]

1. d4 d5 2. Bf4 Nf6 3. e3 e6 4. Nf3 Bd6 5. Bg3 0-0 6. Nbd2 c5 7. c3 Qc7 8. Ne5 Nfd7 9. f4 f6 10. Nxd7 Nxd7 11. Bd3 e5 12. fxe5 fxe5 13. Qh5 Nf6 14. Qh4 exd4 15. exd4 Qe7+ 16. Kd1 Bg4+ 17. Kc1 cxd4 18. Bxh7+ Nxh7 19. Qxg4 dxc3 20. bxc3 Rac8 21. Bxd6 Qxd6 22. Kc2 d4 23. c4 Nf6 24. Qg3 Qa6 25. Kb2 b5 26. cxb5 Qa5 27. Qb3+ Kh8 28. Nc4 Rxc4 29. Qxc4 Qd2+ 30. Ka3 a6 31. Rad1 Qa5+ 32. Qa4 Qc3+ 33. Qb3 Qc5+ 34. Kb2 axb5 35. Rd3 Nh7 36. Rc1 1-0

[Event "Titled Tuesday intern op 04th May"]
[Site "Chess.com INT"]
[Date "2021.05.04"]
[Round "5"]
[White "Manukian, Artak"]
[Black "Vera Gonzalez Quevedo, Reynaldo"]
[Result "1-0"]
[WhiteElo "2196"]
[BlackElo "2443"]
[PlyCount "85"]
[EventDate "2021.05.04"]
[EventType "swiss (blitz)"]
[EventRounds "11"]
[EventCountry "USA"]
[SourceTitle "CBM 202 Extra"]
[Source "ChessBase"]
[SourceDate "2021.07.31"]
[SourceVersion "1"]
[SourceVersionDate "2021.07.31"]
[SourceQuality "1"]

1. e4 c5 2. Nf3 e6 3. c3 Nf6 4. e5 Nd5 5. d4 cxd4 6. cxd4 d6 7. Nc3 Nc6 8. Bd3 dxe5 9. dxe5 Bb4 10. 0-0 Nxc3 11. bxc3 Bxc3 12. Rb1 Bxe5 13. Nxe5 Nxe5 14. Bb5+ Bd7 15. Bxd7+ Qxd7 16. Qh5 Ng6 17. Ba3 f6 18. Rfd1 Qc6 19. Rd6 Qe4 20. Qb5+ Kf7 21. Rd7+ Kg8 22. Rxb7 Nf4 23. f3 Qe3+ 24. Kh1 Qxa3 25. Rb8+ Rxb8 26. Qxb8+ Kf7 27. Qxf4 Re8 28. Qc4 Re7 29. h3 Kf8 30. Rb8+ Kf7 31. Qc8 Kg6 32. Qc2+ Kh6 33. Rb3 Qd6 34. Qe2 Qg3 35. Qe3+ Kg6 36. Qe4+ f5 37. Qd3 Rc7 38. Rb1 Qf4 39. Re1 Kg5 40. Qd8+ Kh5 41. Qg8 h6 42. Qxe6 Kh4 43. Qe2 1-0

[Event "Titled Tuesday intern op 04th May"]
[Site "Chess.com INT"]
[Date "2021.05.04"]
[Round "3"]
[White "Vera Gonzalez Quevedo, Reynaldo"]
[Black "Domingo Nunez, Alejandro"]
[Result "1-0"]
[WhiteElo "2443"]
[BlackElo "2358"]
[PlyCount "73"]
[EventDate "2021.05.04"]
[EventType "swiss (blitz)"]
[EventRounds "11"]
[EventCountry "USA"]
[SourceTitle "CBM 202 Extra"]
[Source "ChessBase"]
[SourceDate "2021.07.31"]
[SourceVersion "1"]
[SourceVersionDate "2021.07.31"]
[SourceQuality "1"]

1. d4 Nf6 2. c4 e6 3. Nc3 Bb4 4. Qc2 Bxc3+ 5. Qxc3 0-0 6. e3 b6 7. Nf3 Bb7 8. Be2 d6 9. b4 Ne4 10. Qc2 a5 11. b5 Nd7 12. Bb2 f5 13. 0-0 Ng5 14. d5 Nxf3+ 15. Bxf3 e5 16. Be2 f4 17. Bd3 h6 18. exf4 Rxf4 19. g3 Rf8 20. f4 exf4 21. gxf4 Qh4 22. Bf5 Nc5 23. Rae1 Bc8 24. Bh7+ Kh8 25. Qg6 Qg4+ 26. Qxg4 Bxg4 27. Re7 Rf6 28. Bxf6 gxf6 29. Rxc7 Re8 30. Bg6 Re2 31. Rf2 Re1+ 32. Kg2 Re3 33. Rd2 Kg8 34. Kf2 Rh3 35. Kg1 Re3 36. Rg2 Bh3 37. Rg3 1-0

[Event "Titled Tuesday intern op 04th May"]
[Site "Chess.com INT"]
[Date "2021.05.04"]
[Round "6"]
[White "Vera Gonzalez Quevedo, Reynaldo"]
[Black "Manukyan, Sargis A"]
[Result "1-0"]
[WhiteElo "2443"]
[BlackElo "2244"]
[PlyCount "71"]
[EventDate "2021.05.04"]
[EventType "swiss (blitz)"]
[EventRounds "11"]
[EventCountry "USA"]
[SourceTitle "CBM 202 Extra"]
[Source "ChessBase"]
[SourceDate "2021.07.31"]
[SourceVersion "1"]
[SourceVersionDate "2021.07.31"]
[SourceQuality "1"]

1. d4 d5 2. c4 e6 3. Nc3 Nf6 4. Nf3 Be7 5. Bf4 0-0 6. e3 c5 7. dxc5 Na6 8. cxd5 Nxd5 9. Nxd5 exd5 10. Be5 Nxc5 11. Be2 Be6 12. 0-0 Rc8 13. Qd4 f6 14. Bg3 a6 15. Rac1 Ne4 16. Qa7 Qd7 17. Nd4 Nxg3 18. hxg3 Bf7 19. Bf3 Rfd8 20. Nb3 Ra8 21. Qb6 Rac8 22. Rfd1 Rxc1 23. Rxc1 Rc8 24. Rxc8+ Qxc8 25. Na5 h5 26. Nxb7 a5 27. Nxa5 Bd8 28. Qc6 Qf5 29. Nb7 Be7 30. Nd6 Qb1+ 31. Kh2 Bg6 32. Bxd5+ Kh7 33. Be4 Qxb2 34. Bxg6+ Kxg6 35. Qe4+ Kh6 36. Nf7# 1-0

[Event "Titled Tuesday intern op 26th Jan"]
[Site "Chess.com INT"]
[Date "2021.01.26"]
[Round "2"]
[White "Maevsky, Nikolay"]
[Black "Vera Gonzalez Quevedo, Reynaldo"]
[Result "1-0"]
[WhiteElo "2337"]
[BlackElo "2443"]
[PlyCount "69"]
[EventDate "2021.01.26"]
[EventType "swiss (blitz)"]
[EventRounds "11"]
[EventCountry "USA"]
[SourceTitle "CBM 200 Extra"]
[Source "ChessBase"]
[SourceDate "2021.03.31"]
[SourceVersion "1"]
[SourceVersionDate "2021.03.31"]
[SourceQuality "1"]

1. d4 d5 2. c4 e6 3. Nf3 c5 4. g3 cxd4 5. cxd5 Qxd5 6. Qxd4 Nf6 7. Nc3 Qxd4 8. Nxd4 a6 9. Bg2 Bc5 10. Nb3 Bb4 11. Bd2 Nbd7 12. Rc1 Rb8 13. a3 Bd6 14. 0-0 b6 15. Rfd1 Bb7 16. Bh6 Bxg3 17. Bxg7 Rg8 18. hxg3 Rxg7 19. Nd4 Ne5 20. Na4 Bxg2 21. Kxg2 Nd5 22. e4 Nf4+ 23. Kf1 Nfd3 24. Rc2 b5 25. Nc5 Nxc5 26. Rxc5 Nc4 27. Rc7 Kf8 28. b3 Ne5 29. Ra7 Kg8 30. Rxa6 Rd8 31. Ke2 Ng4 32. f3 Ne5 33. g4 h5 34. gxh5 Rg2+ 35. Ke3 1-0

[Event "Titled Tuesday intern op 22nd Sept"]
[Site "Chess.com INT"]
[Date "2020.09.22"]
[Round "3"]
[White "Tomczak, Mikolaj"]
[Black "Vera Gonzalez Quevedo, Reynaldo"]
[Result "1-0"]
[WhiteElo "2433"]
[BlackElo "2443"]
[PlyCount "83"]
[EventDate "2020.09.22"]
[EventType "swiss (blitz)"]
[EventRounds "10"]
[EventCountry "USA"]
[SourceTitle "CBM 198 Extra"]
[Source "ChessBase"]
[SourceDate "2020.11.30"]
[SourceVersion "1"]
[SourceVersionDate "2020.11.30"]
[SourceQuality "1"]

1. d4 d5 2. c4 e6 3. Nc3 c6 4. e3 Nd7 5. Nf3 f5 6. Bd3 Nh6 7. 0-0 Bd6 8. cxd5 exd5 9. a4 a5 10. b3 Qe7 11. Re1 0-0 12. g3 Ng4 13. h3 Nh6 14. Ne2 g5 15. Qc2 g4 16. hxg4 fxg4 17. Nh2 Nf6 18. Nf4 Ne4 19. Bxe4 dxe4 20. Bb2 Nf7 21. d5 c5 22. Nh5 Ng5 23. Qc3 Nh3+ 24. Kh1 Bf5 25. Qh8+ Kf7 26. Qg7+ Ke8 27. Nf6+ Rxf6 28. Qxf6 Qxf6 29. Bxf6 Nxf2+ 30. Kg2 Nd3 31. Rf1 Bd7 32. Bg5 h5 33. Rf6 Be5 34. Raf1 Bxf6 35. Rxf6 c4 36. bxc4 Bxa4 37. Rh6 Kf7 38. Bf4 Bb3 39. Rxh5 a4 40. Nxg4 Nxf4+ 41. gxf4 a3 42. Rh7+ 1-0

[Event "Titled Tuesday intern op 22nd Sept"]
[Site "Chess.com INT"]
[Date "2020.09.22"]
[Round "4"]
[White "Vera Gonzalez Quevedo, Reynaldo"]
[Black "Zubarev, Alexander2222"]
[Result "1-0"]
[WhiteElo "2443"]
[BlackElo "2430"]
[PlyCount "91"]
[EventDate "2020.09.22"]
[EventType "swiss (blitz)"]
[EventRounds "10"]
[EventCountry "USA"]
[SourceTitle "CBM 198 Extra"]
[Source "ChessBase"]
[SourceDate "2020.11.30"]
[SourceVersion "1"]
[SourceVersionDate "2020.11.30"]
[SourceQuality "1"]

1. d4 g6 2. Nf3 Bg7 3. c4 d6 4. e4 Nd7 5. Be2 e5 6. 0-0 Ngf6 7. Nc3 0-0 8. Be3 Ng4 9. Bg5 f6 10. Bc1 c6 11. Qc2 Qe7 12. Rd1 f5 13. Bg5 Bf6 14. Bxf6 Ndxf6 15. h3 fxe4 16. Nxe4 Bf5 17. Bd3 Bxe4 18. Bxe4 Nxe4 19. Qxe4 Rf4 20. Qe2 Nf6 21. dxe5 dxe5 22. Qxe5 Qxe5 23. Nxe5 Re4 24. Re1 Re8 25. Rxe4 Nxe4 26. Ng4 Kf7 27. Rd1 Ke7 28. Re1 Kd6 29. f3 Nf6 30. Rd1+ Ke6 31. Nxf6 Kxf6 32. Rd7 Re7 33. Rxe7 Kxe7 34. f4 Kd6 35. Kf2 Kc5 36. b3 Kd4 37. Kf3 a5 38. g4 a4 39. f5 gxf5 40. gxf5 Ke5 41. Kg4 axb3 42. axb3 h6 43. c5 Kd5 44. b4 Ke5 45. h4 Kf6 46. Kf4 1-0

[Event "Titled Tuesday intern op 22nd Sept"]
[Site "Chess.com INT"]
[Date "2020.09.22"]
[Round "8"]
[White "Winslow, Elliott C"]
[Black "Vera Gonzalez Quevedo, Reynaldo"]
[Result "0-1"]
[WhiteElo "2150"]
[BlackElo "2443"]
[PlyCount "62"]
[EventDate "2020.09.22"]
[EventType "swiss (blitz)"]
[EventRounds "10"]
[EventCountry "USA"]
[SourceTitle "CBM 198 Extra"]
[Source "ChessBase"]
[SourceDate "2020.11.30"]
[SourceVersion "1"]
[SourceVersionDate "2020.11.30"]
[SourceQuality "1"]

1. e4 c5 2. Nf3 d6 3. d4 cxd4 4. Nxd4 Nf6 5. Nc3 a6 6. Bg5 e6 7. f4 Be7 8. Qf3 Qc7 9. 0-0-0 0-0 10. Be2 Nbd7 11. Qg3 Kh8 12. h4 b5 13. a3 Bb7 14. Bf3 Rac8 15. Rd2 Qb8 16. Rd3 Nc5 17. Re3 Ba8 18. e5 dxe5 19. fxe5 Bxf3 20. Qxf3 Ng8 21. Nc6 Qc7 22. Nxe7 Nxe7 23. h5 Nf5 24. h6 g6 25. Bf6+ Kg8 26. Ree1 Na4 27. Rh3 Nxc3 28. Qxc3 Qb7 29. Qb4 Rc4 30. Qb3 Rfc8 31. Re2 Nd4 0-1

[Event "Titled Tuesday intern op 15th Sept"]
[Site "Chess.com INT"]
[Date "2020.09.15"]
[Round "6"]
[White "Navalgund, Niranjan"]
[Black "Vera Gonzalez Quevedo, Reynaldo"]
[Result "1-0"]
[WhiteElo "2289"]
[BlackElo "2443"]
[PlyCount "91"]
[EventDate "2020.09.15"]
[EventType "swiss (blitz)"]
[EventRounds "10"]
[EventCountry "USA"]
[SourceTitle "CBM 198 Extra"]
[Source "ChessBase"]
[SourceDate "2020.11.30"]
[SourceVersion "1"]
[SourceVersionDate "2020.11.30"]
[SourceQuality "1"]

1. e4 c5 2. d4 cxd4 3. c3 Nf6 4. e5 Nd5 5. g3 d6 6. Qxd4 dxe5 7. Qxe5 Nc6 8. Qe2 Bf5 9. Bg2 e6 10. Nf3 Nf6 11. 0-0 Bd3 12. Qe3 Bxf1 13. Bxf1 Be7 14. Nbd2 0-0 15. Ne4 Nxe4 16. Qxe4 Qd5 17. Qe3 Qd1 18. b3 Rad8 19. Bb2 Qd6 20. c4 f5 21. Re1 Bf6 22. Bxf6 Rxf6 23. c5 Qe7 24. Bc4 Kh8 25. Ng5 e5 26. h4 e4 27. a3 Ne5 28. Be2 h6 29. b4 Qd7 30. Rd1 Nd3 31. Nh3 Qf7 32. Nf4 g6 33. Bxd3 exd3 34. Rxd3 Rxd3 35. Qxd3 Kh7 36. Qd4 g5 37. Nd5 Re6 38. hxg5 hxg5 39. Kg2 Re4 40. Qd3 Kg6 41. b5 Qe6 42. c6 bxc6 43. bxc6 Qxc6 44. f3 Re5 45. Ne3 Qe6 46. Kf2 1-0

[Event "Titled Tuesday intern op 6th June"]
[Site "Chess.com INT"]
[Date "2020.06.02"]
[Round "5"]
[White "Dong, Bao Nghia"]
[Black "Vera Gonzalez Quevedo, Reynaldo"]
[Result "1-0"]
[WhiteElo "2227"]
[BlackElo "2443"]
[PlyCount "109"]
[EventDate "2020.06.02"]
[EventType "swiss (blitz)"]
[EventRounds "10"]
[EventCountry "USA"]
[SourceTitle "CBM 196 Extra"]
[Source "ChessBase"]
[SourceDate "2020.07.31"]
[SourceVersion "1"]
[SourceVersionDate "2020.07.31"]
[SourceQuality "1"]

1. d4 d5 2. Bf4 Nf6 3. e3 e6 4. Nf3 Bd6 5. Bg3 0-0 6. Bd3 c5 7. c3 Qc7 8. Ne5 Nbd7 9. f4 Ne4 10. Bxe4 dxe4 11. Nd2 cxd4 12. cxd4 f6 13. Nxd7 Bxd7 14. Nxe4 Bb4+ 15. Kf2 Bc6 16. Nc3 Qa5 17. Qb3 Bxc3 18. Qxc3 Qd5 19. Rhg1 Rac8 20. Qa3 Qe4 21. Rac1 Bd5 22. Rc3 Rc6 23. Rxc6 Bxc6 24. Qc3 Rc8 25. Rc1 Qxg2+ 26. Ke1 Kf7 27. Qd2 Qh1+ 28. Kf2 Qg2+ 29. Ke1 Qg1+ 30. Ke2 Bf3+ 31. Kxf3 Qxc1 32. Qb4 Qc6+ 33. Kf2 f5 34. Bh4 Qd7 35. a3 Rc2+ 36. Kg3 b6 37. Kh3 Qb7 38. Bg3 h6 39. Qd6 g5 40. fxg5 hxg5 41. d5 Qxd5 42. Qxd5 exd5 43. Be5 Re2 44. Bd4 Kg6 45. Kg3 a5 46. h3 a4 47. Kf3 Rc2 48. Kg3 b5 49. Kf3 Rc4 50. Bc3 f4 51. exf4 Rxf4+ 52. Kg3 Kf5 53. Bd2 Re4 54. Kf3 d4 55. Bxg5 1-0

[Event "Titled Tuesday intern op 6th June"]
[Site "Chess.com INT"]
[Date "2020.06.02"]
[Round "4"]
[White "Vera Gonzalez Quevedo, Reynaldo"]
[Black "Flores Quillas, Diego Saul Rodrigo"]
[Result "0-1"]
[WhiteElo "2443"]
[BlackElo "2245"]
[PlyCount "64"]
[EventDate "2020.06.02"]
[EventType "swiss (blitz)"]
[EventRounds "10"]
[EventCountry "USA"]
[SourceTitle "CBM 196 Extra"]
[Source "ChessBase"]
[SourceDate "2020.07.31"]
[SourceVersion "1"]
[SourceVersionDate "2020.07.31"]
[SourceQuality "1"]

1. d4 Nf6 2. c4 c5 3. d5 e6 4. Nc3 exd5 5. cxd5 d6 6. e4 g6 7. f4 Bg7 8. Bb5+ Nfd7 9. Be2 Qh4+ 10. g3 Qe7 11. Nf3 0-0 12. 0-0 Nf6 13. e5 Ng4 14. h4 dxe5 15. d6 Qd8 16. fxe5 Nxe5 17. Bg5 Qa5 18. Nxe5 Bxe5 19. Be7 Bh3 20. Qd5 Bd4+ 21. Kh2 Bxf1 22. Rxf1 Nc6 23. Bc4 Ne5 24. Bb3 Ng4+ 25. Kh3 Ne3 26. Qf3 c4 27. Bxf8 Rxf8 28. Bxc4 Nxc4 29. Nd5 Nxd6 30. Ne7+ Kg7 31. g4 Qe5 32. Nd5 Ne4 0-1

[Event "Carlos Torre Memorial op 31st"]
[Site "Merida"]
[Date "2019.12.18"]
[Round "9"]
[White "Vera Gonzalez Quevedo, Reynaldo"]
[Black "Martinez Ramirez, Lennis"]
[Result "0-1"]
[WhiteElo "2436"]
[BlackElo "2454"]
[PlyCount "64"]
[EventDate "2019.12.13"]
[EventType "swiss"]
[EventRounds "9"]
[EventCountry "MEX"]
[SourceTitle "CBM 193 Extra"]
[Source "ChessBase"]
[SourceDate "2020.01.31"]
[SourceVersion "1"]
[SourceVersionDate "2020.01.31"]
[SourceQuality "1"]

1. d4 Nf6 2. Nf3 c5 3. e3 d5 4. c3 e6 5. Nbd2 Nc6 6. Bd3 b6 7. 0-0 Be7 8. Qe2 Bb7 9. b3 0-0 10. Bb2 Qc7 11. Rac1 e5 12. dxe5 Nxe5 13. Nxe5 Qxe5 14. f4 Qe6 15. c4 Rad8 16. Rcd1 Ng4 17. Rfe1 d4 18. exd4 cxd4 19. Bxh7+ Kh8 20. Qxe6 fxe6 21. Rxe6 Bc5 22. Bd3 Ne3 23. Rb1 Nxg2 24. Be4 Nxf4 25. Re5 Bd6 26. Rb5 Nh3+ 27. Kg2 Rf2+ 28. Kxh3 Bc8+ 29. Kh4 Rf4+ 30. Kh5 Be7 31. Rd5 Rdf8 32. Bxd4 Rf2 0-1

[Event "Carlos Torre Memorial op 31st"]
[Site "Merida"]
[Date "2019.12.17"]
[Round "8"]
[White "Martin Del Campo C, Roberto Abel"]
[Black "Vera Gonzalez Quevedo, Reynaldo"]
[Result "0-1"]
[WhiteElo "2314"]
[BlackElo "2436"]
[PlyCount "68"]
[EventDate "2019.12.13"]
[EventType "swiss"]
[EventRounds "9"]
[EventCountry "MEX"]
[SourceTitle "CBM 193 Extra"]
[Source "ChessBase"]
[SourceDate "2020.01.31"]
[SourceVersion "1"]
[SourceVersionDate "2020.01.31"]
[SourceQuality "1"]

1. e4 c5 2. Nf3 d6 3. Bb5+ Nd7 4. 0-0 Ngf6 5. Re1 a6 6. Bf1 b6 7. c4 Bb7 8. Nc3 e6 9. d4 cxd4 10. Nxd4 Be7 11. f3 0-0 12. Be3 Rc8 13. Rc1 Qc7 14. Qd2 Rfe8 15. b3 Qb8 16. Red1 Bd8 17. Kh1 Bc7 18. Bg1 Kh8 19. Qf2 Rg8 20. h3 g5 21. Bh2 Rg6 22. Nde2 h5 23. Qd4 g4 24. Bxd6 gxf3 25. gxf3 Rcg8 26. Bxc7 Qxc7 27. Qd6 Qxd6 28. Rxd6 Ne5 29. Nd4 Nxf3 30. Nxf3 Nxe4 31. Nxe4 Bxe4 32. Kh2 Bxf3 33. Rc3 Ba8 34. Rxb6 Rg1 0-1